000 00268nam a2200109Ia 4500
008 220714s9999 xx 000 0 und d
020 _a0 19 506025 3
082 _aST 820.08 ELE
100 _aNo author, editors only
245 0 _aElements of Literature
942 _cBK
_w561
_xJohn Tresidder
_y561
_zJohn Tresidder
999 _c720049
_d720048